000 00585cam a22002053a 4500
001 37698
003 PGUSA
005 20140828083827.0
008 130407s2013||||xxu|||||s|||||000 | eng d
040 _aPGUSA
_beng
042 _adc
100 1 _aHill, Grace Livingston,
_d1865-1947
245 1 0 _aDawn of the Morning
_h[electronic resource] /
_cGrace Livingston Hill
260 _bProject Gutenberg,
_c2013
506 _aPublic domain in the USA.
516 _aElectronic text
830 0 _aProject Gutenberg
_v37698
856 4 0 _uhttp://www.gutenberg.org/ebooks/37698
942 _cEB
999 _c266952
_d266952